| 000 | 00329cam a22001217a 4500 | ||
|---|---|---|---|
| 008 | 180718b2002 xxu||||| |||| 00| 0 eng d | ||
| 020 | _a81 87772 14 x | ||
| 100 | _aJain, Neeraj | ||
| 245 |
_aVaihweekaran ya punahaupnivesheekaran _cby Neeraj Jain |
||
| 260 |
_a _bGargi Prakashan _c2002 |
||
| 300 | _a246p. | ||
| 650 | _aVaihweekaran | ||
| 999 |
_c439322 _d439322 |
||